| 000 -LEADER |
| fixed length control field |
01549cam a22002418i 4500 |
| 003 - CONTROL NUMBER IDENTIFIER |
| control field |
OSt |
| 005 - DATE AND TIME OF LATEST TRANSACTION |
| control field |
20240418125726.0 |
| 008 - FIXED-LENGTH DATA ELEMENTS--GENERAL INFORMATION |
| fixed length control field |
170605s2017 nyu j 000 0 eng |
| 020 ## - INTERNATIONAL STANDARD BOOK NUMBER |
| International Standard Book Number |
9781419718922 (paperback) |
| 082 00 - DEWEY DECIMAL CLASSIFICATION NUMBER |
| Classification number |
720 |
| Edition number |
23 |
| Item number |
BEA |
| 100 1# - MAIN ENTRY--PERSONAL NAME |
| Personal name |
Beaty, Andrea, |
| Relator term |
author. |
| 245 10 - TITLE STATEMENT |
| Title |
Iggy Peck's big project book for amazing architects / |
| Statement of responsibility, etc |
Andrea Beaty ; illustrated by David Roberts. |
| 300 ## - PHYSICAL DESCRIPTION |
| Extent |
pages cm |
| 520 ## - SUMMARY, ETC. |
| Summary, etc |
"Creativity meets curiosity and critical thinking in this project book from the #1 New York Times bestselling team behind Iggy Peck, Architect, Rosie Revere, Engineer, and Ada Twist, Scientist. Iggy Peck takes readers through more than 40 exciting STEM and design projects and activities, from drafting and doodling to building and blueprints. Aspiring architects and young dreamers of all kinds will get a sense of the unique mix of science, technology, and art skills used to create lasting structures. Packed with the same quirky humor and gorgeous illustration that made Iggy Peck, Architect a hit, the project book will appeal to fans who are craving more from Miss Greer's clever class"-- |
| 650 #0 - SUBJECT ADDED ENTRY--TOPICAL TERM |
| Topical term or geographic name as entry element |
Architecture |
| Form subdivision |
Juvenile literature. |
| 650 #0 - SUBJECT ADDED ENTRY--TOPICAL TERM |
| Topical term or geographic name as entry element |
Creative activities and seat work. |
| 650 #7 - SUBJECT ADDED ENTRY--TOPICAL TERM |
| Topical term or geographic name as entry element |
JUVENILE NONFICTION / Activity Books. |
| Source of heading or term |
bisacsh |
| 650 #7 - SUBJECT ADDED ENTRY--TOPICAL TERM |
| Topical term or geographic name as entry element |
JUVENILE NONFICTION / Architecture. |
| Source of heading or term |
bisacsh |
| 650 #7 - SUBJECT ADDED ENTRY--TOPICAL TERM |
| Topical term or geographic name as entry element |
JUVENILE NONFICTION / Technology / Inventions. |
| Source of heading or term |
bisacsh |
| 650 #7 - SUBJECT ADDED ENTRY--TOPICAL TERM |
| Topical term or geographic name as entry element |
JUVENILE NONFICTION / Art / General. |
| Source of heading or term |
bisacsh |
| 700 1# - ADDED ENTRY--PERSONAL NAME |
| Personal name |
Roberts, David, |
| Dates associated with a name |
1970- |
| Relator term |
illustrator. |
| 942 ## - ADDED ENTRY ELEMENTS (KOHA) |
| Source of classification or shelving scheme |
|